Plan de acción forestal para Colombia (Registro nro. 628)

Detalles MARC
000 -CABECERA
Campo de control 00902nam a2200253 a 4500
005 - FECHA Y HORA DE LA ULTIMA TRANSACCION
Campo de control 20191217041553.0
008 - ELEMENTOS DE LONGITUD FIJA—INFORMACION GENERAL
Campo de control 140221b1990 ck ado gr||||o00| 0 spa d
040 ## - FUENTE DE CATALOGACIÓN
Agencia catalogadora original CO-BoIAVH
Agencia transcriptora CO-BoIAVH
041 0# - IDIOMA
Código de idioma para texto/pista de sonido o título separado Español
044 ## - PAÍS DE PUBLICACIÓN
País de publicación Colombia
090 ## - CLASIFICACIÓN LOCAL
Colección IND-I
Consecutivo 50
110 2# - ASIENTO PRINCIPAL--NOMBRE CORPORATIVO
Unidad subordinad Departamento Nacional de Planeación
Nombre corporativo o de jurisdicción como elemento de entrada Colombia.
9 (RLIN) 89118
245 10 - MENCION DE TITULO
Título Plan de acción forestal para Colombia
260 ## - PUBLICACION, DISTRIBUCION, ETC. (PIE DE IMPRENTA)
Lugar de publicación, distribución, etc. Bogotá :
Nombre del editor, distribuidor, etc. DNP :
-- Ministerio de Agricultura :
-- Inderena :
-- CONIF y ACIF,
Fecha de publicación, distribución, etc. 1990.
300 ## - DESCRIPCION FISICA
Extensión 257 paginas :
Otros detalles físicos ilustraciones ;
Dimensiones 33 x 23 cm.
505 0# - NOTA DE CONTENIDO
Nota de contenido Volumen 1: 1987.<br/>Volumen 2: 1989-1992.
650 #4 - ASIENTO SECUNDARIO DE MATERIA - TERMINO TEMATICO
Término temático o nombre geográfico como elemento de entrada Plan de acción forestal
9 (RLIN) 8489
650 #4 - ASIENTO SECUNDARIO DE MATERIA - TERMINO TEMATICO
Término temático o nombre geográfico como elemento de entrada Silvicultura
9 (RLIN) 89119
650 #4 - ASIENTO SECUNDARIO DE MATERIA - TERMINO TEMATICO
Término temático o nombre geográfico como elemento de entrada Aprovechamiento forestal
9 (RLIN) 89120
710 2# - ASIENTO SECUNDARIO - NOMBRE CORPORATIVO
Nombre corporativo o de jurisdicción como elemento de entrada Colombia. Ministerio de Agricultura
9 (RLIN) 14014
710 2# - ASIENTO SECUNDARIO - NOMBRE CORPORATIVO
Nombre corporativo o de jurisdicción como elemento de entrada Inderena
9 (RLIN) 12933
710 2# - ASIENTO SECUNDARIO - NOMBRE CORPORATIVO
Nombre corporativo o de jurisdicción como elemento de entrada Corporación Nacional de Investigación y Fomento Forestal
9 (RLIN) 3924
942 ## - ELEMENTOS ADICIONALES (KOHA)
Tipo de ítem Informe Técnico
Sistema de clasificación Local
Existencias
Withdrawn status Lost status Sistema de Clasificación Damaged status No para préstamo Colección Ubicación Permanente Ubicación actual Fecha de adquisición Fuente de adquisición Total Checkouts Número topográfico Inventario / Código de Barras Date last seen Ejemplar Price effective from Forma de adquisición Tipo de material
    Local     Fondo Inderena Bogotá Bogotá 07/05/2003 Biocomercio   IND-I-50 004801 04/12/2012 Ej. 1 04/12/2012 Traslado Inderena Informe Técnico
    Dewey Decimal Classification     General Bogotá Bogotá 01/03/2004 Instituto   LB-333.7516 D41p 015586 04/12/2012 V. 1 Ej. 1 04/12/2012   Libro
    Dewey Decimal Classification     General Bogotá Bogotá 01/03/2004 Instituto   LB-333.7516 D41p 015585 04/12/2012 V. 2 Ej. 1 04/12/2012   Libro